| 000 | 00938na a2200253 4500 | ||
|---|---|---|---|
| 001 | 24067 | ||
| 003 | MIRAKIL | ||
| 005 | 20181213155329.0 | ||
| 008 | 180307b tu 000 0 | ||
| 040 |
_aMilas _btur _cTR-AnCHP |
||
| 041 | _atur | ||
| 082 |
_a349.561 _bC35t 1985 |
||
| 090 | _a349.561 C35t 1985 | ||
| 100 | _aCentel, Nur | ||
| 245 |
_aTürk ceza kanunu ve ilgili mevzuat _cNur Centel |
||
| 260 |
_aİstanbul _bBeta Basım Yayım Dağıtım A.Ş. _c1985 _fsermet matbaası |
||
| 300 |
_axııı, 323 s. _c20 sm. |
||
| 440 |
_aBeta Basım Yayım Dağıtım A.Ş. _vyayın no: 30 |
||
| 490 |
_aHukuk dizisi _v8 |
||
| 505 | _aKanun metni , madde değişiklikleri , maddeler arasında atıflar, ilgili kanunlara atıflar, anayasa mahkemesi kararları, yargıtay içtihadı birleştirme kararları,açıklayıcı sözlük | ||
| 650 | _aTürk Ceza Kanunu (TCK) | ||
| 650 |
_aHukuk ve mevzuat _xTürkiye |
||
| 942 |
_2ddc _cBKS |
||
| 999 |
_c10627 _d10627 |
||